Financial Accounting Theory and Analysis: Text and Cases. (Record no. 3895)
[ view plain ]
| 005 - DATE AND TIME OF LATEST TRANSACTION | |
|---|---|
| control field | 20250612160014.0 |
| 020 ## - INTERNATIONAL STANDARD BOOK NUMBER | |
| International Standard Book Number | 978-1-119-88122-3 |
| 082 ## - DEWEY DECIMAL CLASSIFICATION NUMBER | |
| Classification number | 657.044 SCH |
| 100 ## - MAIN ENTRY--PERSONAL NAME | |
| Author name | SCHROEDER, R. G. |
| 245 ## - TITLE STATEMENT | |
| Title | Financial Accounting Theory and Analysis: Text and Cases. |
| 250 ## - EDITION STATEMENT | |
| Edition statement | 14th Ed |
| 260 ## - PUBLICATION, DISTRIBUTION, ETC. | |
| Place of publication, distribution, etc. | Hoboken, |
| Name of publisher, distributor, etc. | John Wiley & Sons, |
| Date of publication, distribution, etc. | 2023. |
| 300 ## - PHYSICAL DESCRIPTION | |
| Extent | xi, 688p.: ill.: figure, table |
| Other physical details | Index |
| Dimensions | 25cm |
| 700 ## - ADDED ENTRY--PERSONAL NAME | |
| Other authors/Editors | CLACK, M. W. & CATHEY, J. M. |
| 856 ## - ELECTRONIC LOCATION AND ACCESS | |
| Link text | Access Online Book |
| Electronic name | Financial Accounting |
| Path | www.wiley.com/go/schroeder/financialaccounting14e |
| 942 ## - ADDED ENTRY ELEMENTS (KOHA) | |
| Source of classification or shelving scheme | Dewey Decimal Classification |
| Koha item type | Books |
| Date last seen | Total checkouts | Full call number | Barcode | Cost, replacement price | Price effective from | Koha item type | Lost status | Source of classification or shelving scheme | Damaged status | Not for loan | Withdrawn status | Home library | Current library | Shelving location | Date acquired | Cost, normal purchase price |
|---|---|---|---|---|---|---|---|---|---|---|---|---|---|---|---|---|
| 06/12/2025 | 657.044 SCH | 00000012850 | 999999.99 | 06/12/2025 | Books | Dewey Decimal Classification | College of Business Education Main Library | College of Business Education Main Library | Special Reserve Collection | 09/17/2024 | 402468.00 | |||||
| 06/12/2025 | 657.044 SCH | 00000012851 | 999999.99 | 06/12/2025 | Books | Dewey Decimal Classification | College of Business Education Main Library | College of Business Education Main Library | General Collection | 09/17/2024 | 402468.00 | |||||
| 06/12/2025 | 657.044 SCH | 00000012852 | 999999.99 | 06/12/2025 | Books | Dewey Decimal Classification | College of Business Education Main Library | College of Business Education Main Library | General Collection | 09/17/2024 | 402468.00 | |||||
| 06/12/2025 | 657.044 SCH | 00000012853 | 999999.99 | 06/12/2025 | Books | Dewey Decimal Classification | College of Business Education Main Library | College of Business Education Main Library | General Collection | 09/17/2024 | 402468.00 | |||||
| 06/12/2025 | 657.044 SCH | 00000012854 | 999999.99 | 06/12/2025 | Books | Dewey Decimal Classification | College of Business Education Main Library | College of Business Education Main Library | General Collection | 09/17/2024 | 402468.00 |
